000 01209nam a2200325 i 4500
003 EG-GICUC
005 20260121155540.0
008 251109s1977 ua ||||f |||| 00| 0 ara d
017 _a77/1590
020 _a977306403
040 _a EG-GICUC
_bara
_c EG-GICUC
_d EG-GICUC
_erda
041 _aara
082 0 4 _221
_a345
_bس ل . م
092 0 4 _221
099 _aLaw1 07 345 س ل . م 1977
100 0 _aسليمان محمد الطماوي
_eمؤلف.
245 _aمبادئ القانون الإداري :
_bدراسة مقارنة /
_cدكتور سليمان محمد الطماوي
264 _aالقاهرة :
_bدار الفكر العربي ,
_c1977.
300 _a487 صفحة
_c24 سم
336 _2rda content
_atext
337 _2rda media
_aComputer
338 _2rda carrier
_aOnline Resource
500 _aيشتمل علي ارجاعات ببليوجرافية
546 _aالنص أغلبه باللغة العربية بعض النصوص الإنجليزية والفرنسية
650 1 _aالقانون الإداري
_2qrmak
651 1 _2qrmak
856 4 0 _uhttps://fll.law.cu.edu.eg/fulltext/bks/B07-00583.pdf
905 _a74
_eYara
942 _2ddc
_n0
_cBK
_e21
999 _c41952
_d41952